| 000 | 00948nas a2200313 4500 | ||
|---|---|---|---|
| 001 | BR0201013 | ||
| 003 | BR-BrBNA | ||
| 005 | 20231205102750.0 | ||
| 007 | ta | ||
| 008 | 230509b bl.|||p| |||| 00| 00por d | ||
| 040 |
_aBR-BrBNA _bpor _cBiblioteca Nacional de Agricultura |
||
| 041 | _a(En) | ||
| 072 | _aL73; L70 | ||
| 100 | 1 | _aSouza, C.M. | |
| 100 | 1 | _aRocha, F.R.T. | |
| 100 | 1 | _aMartins, N.R.S. | |
| 100 | 1 | _aResende, J.S. | |
| 100 | 1 | _aJorge, M.A. | |
| 100 | 1 | _aRampinelli, A.P. | |
| 245 | 1 | _aProduction of monoclonal antibodies against conserved components of infectious bronchitis virus | |
| 650 | _aGALINHA | ||
| 650 | _aVÍRUS | ||
| 650 | _aBRONQUITE | ||
| 650 | _aANTICORPO MONOCLONAL | ||
| 650 | _aELISA | ||
| 773 | 0 |
_tArquivo Brasileiro de Medicina Veterinária e Zootecnia (Brazil) _xISSN 0102-0935 _g(Out 2001), v. 53(5) p. 523-530 _wBR0201013 |
|
| 909 |
_a202311 _bLúcia _c55 _dLúcia Elande |
||
| 942 |
_2AGRIS _n0 _cANA |
||
| 999 |
_c169226 _d169226 |
||